Women, the family, and divorce laws in Islamic history

Αποθηκεύτηκε σε:
Λεπτομέρειες βιβλιογραφικής εγγραφής
Άλλοι συγγραφείς: Sonbol, Amira El Azhary (Επιμελητής έκδοσης)
Μορφή: Βιβλίο
Γλώσσα:English
Δημοσίευση: Syracuse : Syracuse University Press, c1996
Σειρά:Contemporary issues in the Middle East
Θέματα:
Ετικέτες: Προσθήκη ετικέτας
Δεν υπάρχουν, Καταχωρήστε ετικέτα πρώτοι!

MARC

LEADER 00000nam a2200000 i 4500
001 1/24655
008 981202s1996 eng d
020 |a 0-8156-0383-5 
035 |l 10037142 
040 |a GR-MY-UA  |b gre  |e aacr 
041 0 |a eng 
082 0 |a 305.486971 
245 1 0 |a Women, the family, and divorce laws in Islamic history /  |c edited by Amira El Azhary Sonbol; with a foreword by Elizabeth Warnock Fernea 
260 |a Syracuse :   |b Syracuse University Press,   |c c1996 
300 |a 357 p. 
490 1 |a Contemporary issues in the Middle East 
504 |a Includes bibliographical references and index 
650 0 0 |a Muslim women  |x History. 
650 0 0 |a Women  |x Legal status, laws, etc. (Islamic law)  |z Arab countries. 
650 0 0 |a Domestic relations (Islamic law)  |z Arab countries. 
700 1 |a Sonbol, Amira El Azhary.  |4 edt 
830 0 |a Contemporary issues in the Middle East 
852 |a INST  |b LESVOS  |e 19981202  |h 305.486971 WOM  |p 005100017336  |q 005100017336  |t BK  |y 0 
901 |a BIBL-1999-1 
909 |a Λ  |b 059838 
922 |a 1ΕΛΗ  |b 199810  |c ΚΠΣ/ΤΚΑ  |d ΠΑΠΑΣΩΤΗΡΙΟΥ 
950 |a 117-1998-07-08